000
00337nam a2200157Ia 4500
003
Ost
005
20260225132541.0
008
260225s9999||||xx |||||||||||||| ||und||
040
_c
fsic
041
_a
fre
082
_a
811.6
100
_a
Baux
_e
Auteur
245
0
_a
Pour un autre son de cloche /
245
0
_c
Baux
942
_c
كتاب
999
_c
33493
_d
33493